[Event "Günnigfeld- Gladbeck"]
[Site "?"]
[Date "2023.09.03"]
[Round "1.7"]
[White "Busch, Udo"]
[Black "Oberbarnscheidt, Ludger"]
[Result "0-1"]
[WhiteElo "1768"]
[BlackElo "1957"]
[PlyCount "110"]
[SourceDate "2023.09.13"]

1. d4 d5 2. c4 c6 3. cxd5 cxd5 4. Nc3 Nf6 5. Nf3 Nc6 6. Bf4 a6 7. e3 Qb6 8. Qb3
Qxb3 9. axb3 Bf5 10. Ne5 e6 11. Bb5 Rc8 12. Bxc6+ bxc6 13. Rxa6 c5 14. O-O cxd4
15. exd4 Ng4 16. Rfa1 Nxe5 17. Bxe5 f6 18. Ra8 Rxa8 19. Rxa8+ Kf7 20. Bg3 Rg8
21. Rb8 Be7 22. Rb7 Re8 23. f3 Kf8 24. b4 Rc8 25. b5 Rc4 26. b6 Rb4 27. Bc7
Rxd4 28. Ra7 Bc5 29. Ra8+ Ke7 30. Kf1 Rb4 31. Na4 Bd4 32. Ra7 Ke8 33. Bd6 Rb5
34. Bc5 Bxc5 35. Nxc5 Rxb6 36. b3 Rb5 37. Rc7 Kd8 38. Rc6 e5 39. Ke2 Bd7 40.
Nxd7 Kxd7 41. Rc3 d4 42. Rd3 Ke6 43. f4 Kd5 44. fxe5 fxe5 45. Rh3 h6 46. Kd2
Ra5 47. Rg3 Ra2+ 48. Kd1 g5 49. h4 gxh4 50. Rg4 e4 51. Rxh4 e3 52. Rxh6 d3 53.
Rh5+ Ke6 54. Rc5 Ra1+ 55. Rc1 e2+ 0-1

[Event "Günnigfeld- Gladbeck"]
[Site "?"]
[Date "2023.09.03"]
[Round "1.8"]
[White "Evers, Klaus"]
[Black "Wendt, Peter"]
[Result "1-0"]
[WhiteElo "1650"]
[BlackElo "1739"]
[PlyCount "47"]
[SourceDate "2023.09.13"]

1. d4 d5 2. c4 e6 3. g3 c5 4. Bg2 Nf6 5. cxd5 exd5 6. Nf3 Nc6 7. Nc3 cxd4 8.
Nxd4 Bb4 9. Nxc6 bxc6 10. Qd4 Bxc3+ 11. Qxc3 O-O 12. Qxc6 Bd7 13. Qa6 Re8 14.
O-O Re6 15. Qd3 Qa5 16. Qd1 Bb5 17. Re1 Rxe2 18. Rxe2 Bxe2 19. Qxe2 Re8 20. Be3
d4 21. Qd2 Qxd2 22. Bxd2 Re2 23. Rd1 Ng4 24. Bf3 1-0

[Event "Listiger Bauer- Ruhrhalbinsel"]
[Site "?"]
[Date "2023.09.03"]
[Round "1.1"]
[White "Schaefer, Johannes"]
[Black "Kunisch, Siegfried"]
[Result "1/2-1/2"]
[WhiteElo "1884"]
[BlackElo "2070"]
[PlyCount "29"]
[SourceDate "2023.09.13"]

1. e4 e5 2. Nf3 Nc6 3. Bb5 f5 4. d3 fxe4 5. dxe4 Nf6 6. O-O Bc5 7. Bxc6 bxc6 8.
Nxe5 O-O 9. Nc3 d6 10. Na4 Qe8 11. Nd3 Bg4 12. Qe1 Nxe4 13. Naxc5 Nxc5 14. Nxc5
dxc5 15. Qxe8 1/2-1/2

[Event "Listiger Bauer- Ruhrhalbinsel"]
[Site "?"]
[Date "2023.09.03"]
[Round "1.2"]
[White "Mandl, Stefan"]
[Black "Unteregge, Michael"]
[Result "1/2-1/2"]
[WhiteElo "1980"]
[BlackElo "2027"]
[PlyCount "42"]
[SourceDate "2023.09.13"]

1. e4 c6 2. d4 d5 3. f3 dxe4 4. fxe4 e5 5. Nf3 Bg4 6. Bc4 Nd7 7. c3 Bh5 8. O-O
Ngf6 9. Nbd2 Bd6 10. Qe1 O-O 11. Bd3 b5 12. a4 a6 13. axb5 axb5 14. Rxa8 Qxa8
15. dxe5 Nxe5 16. Nxe5 Bxe5 17. Nf3 Bxf3 18. Rxf3 Qa7+ 19. Be3 Qc7 20. g3 Rd8
21. Bg5 h6 1/2-1/2

[Event "Listiger Bauer- Ruhrhalbinsel"]
[Site "?"]
[Date "2023.09.03"]
[Round "1.3"]
[White "Praemaßing, Reiner"]
[Black "Ball, Joerg"]
[Result "1/2-1/2"]
[WhiteElo "1851"]
[BlackElo "1920"]
[PlyCount "39"]
[SourceDate "2023.09.13"]

1. e4 g6 2. Nf3 Bg7 3. Bc4 e6 4. Bb3 Ne7 5. O-O c5 6. Re1 O-O 7. c3 d5 8. e5 c4
9. Bc2 Nbc6 10. b3 b5 11. a4 cxb3 12. Bxb3 b4 13. cxb4 Nxb4 14. Ba3 a5 15. Nc3
Ba6 16. Nb5 Qb6 17. Nfd4 Nec6 18. Nxc6 Qxc6 19. Rc1 Qb6 20. Qg4 1/2-1/2

[Event "Listiger Bauer- Ruhrhalbinsel"]
[Site "?"]
[Date "2023.09.03"]
[Round "1.4"]
[White "Wagner, Ole"]
[Black "Zagrabski, Kevin"]
[Result "1-0"]
[WhiteElo "1872"]
[BlackElo "1835"]
[PlyCount "99"]
[SourceDate "2023.09.13"]

1. e4 g6 2. Nf3 Bg7 3. Bc4 d6 4. d4 Nc6 5. O-O e5 6. dxe5 Nxe5 7. Nxe5 Bxe5 8.
f4 Bg7 9. Nc3 Be6 10. Bxe6 fxe6 11. Qe2 Qd7 12. Be3 Ne7 13. Rad1 O-O 14. Qc4 c6
15. Bd4 d5 16. Bxg7 Kxg7 17. Qd4+ Kg8 18. Qe5 Rae8 19. h4 Nc8 20. Rf3 Qg7 21.
Qg5 dxe4 22. Nxe4 Rf5 23. Rd8 Ref8 24. Rxf8+ Qxf8 25. Qg4 Qb4 26. Ng3 Rf6 27.
Qg5 Qxb2 28. c3 Rf8 29. h5 Nb6 30. hxg6 Qb1+ 31. Nf1 Qxg6 32. Qe5 Qf6 33. Rg3+
Kh8 34. Qc5 Rg8 35. Rxg8+ Kxg8 36. Qh5 Nd5 37. Qe8+ Kg7 38. Ng3 Nxf4 39. Qd7+
Qf7 40. Qd4+ Kh6 41. Qe3 Kg6 42. Qe4+ Kg7 43. Qxf4 Qd7 44. Qe5+ Kf7 45. Ne4
Qd1+ 46. Kh2 Qg4 47. Qf6+ Kg8 48. Qd8+ Kg7 49. Qe7+ Kg6 50. Qf6+ 1-0

[Event "Listiger Bauer- Ruhrhalbinsel"]
[Site "?"]
[Date "2023.09.03"]
[Round "1.5"]
[White "Richter, Juergen"]
[Black "Brandhorst, Dieter"]
[Result "1/2-1/2"]
[WhiteElo "1809"]
[BlackElo "1862"]
[PlyCount "39"]
[SourceDate "2023.09.13"]

1. e4 d5 2. exd5 Nf6 3. Nc3 Nxd5 4. Nxd5 Qxd5 5. d4 Nc6 6. Be3 Bf5 7. c3 O-O-O
8. Qb3 e5 9. Qxd5 Rxd5 10. Bc4 Rd7 11. Ne2 Na5 12. Bb5 c6 13. Ng3 exd4 14. Bxd4
Be6 15. Be2 c5 16. Be3 Nc4 17. Bc1 Be7 18. O-O Rhd8 19. f4 f5 20. Nxf5 1/2-1/2

[Event "Listiger Bauer- Ruhrhalbinsel"]
[Site "?"]
[Date "2023.09.03"]
[Round "1.6"]
[White "Petri, Norbert"]
[Black "Richter, Rainer"]
[Result "1/2-1/2"]
[WhiteElo "1803"]
[BlackElo "1931"]
[PlyCount "30"]
[SourceDate "2023.09.13"]

1. c4 f5 2. Nc3 Nf6 3. g3 d6 4. Bg2 g6 5. e3 Nc6 6. Nge2 e5 7. d3 Bg7 8. O-O
O-O 9. Rb1 a5 10. a3 Ne7 11. b4 axb4 12. axb4 g5 13. f4 exf4 14. exf4 g4 15.
Re1 c6 1/2-1/2

[Event "Listiger Bauer- Ruhrhalbinsel"]
[Site "?"]
[Date "2023.09.03"]
[Round "1.7"]
[White "Bauriedel, Friedrich"]
[Black "Reich, Andreas"]
[Result "1-0"]
[WhiteElo "1836"]
[BlackElo "1777"]
[PlyCount "63"]
[SourceDate "2023.09.13"]

1. c4 e6 2. Nc3 d5 3. cxd5 exd5 4. d4 Nf6 5. Bg5 Be7 6. e3 c6 7. Bd3 O-O 8. h3
Nbd7 9. Nf3 h6 10. Bf4 Re8 11. O-O Nf8 12. Qc2 Bd6 13. Be5 Bxe5 14. Nxe5 N6d7
15. Nf3 Nf6 16. b4 N6h7 17. Ne5 f6 18. Ng6 Be6 19. Ne2 Bf7 20. Nef4 Ng5 21.
Rfe1 Ne4 22. Nxf8 Kxf8 23. f3 Nd6 24. Rad1 g5 25. Ng6+ Kg7 26. h4 Nc4 27. Kf2
Nxe3 28. Rxe3 Rxe3 29. Kxe3 Qe8+ 30. Kf2 Bxg6 31. Re1 Qf7 32. Bxg6 1-0

[Event "Listiger Bauer- Ruhrhalbinsel"]
[Site "?"]
[Date "2023.09.03"]
[Round "1.8"]
[White "Abdo, Alan"]
[Black "Bendel, Ruediger"]
[Result "1-0"]
[WhiteElo "1752"]
[BlackElo "1885"]
[PlyCount "59"]
[SourceDate "2023.09.13"]

1. e4 c5 2. Nf3 e6 3. g3 Nc6 4. Bg2 Nf6 5. d3 d5 6. e5 Ng4 7. Qe2 g6 8. h3 Nh6
9. Bg5 Qa5+ 10. c3 Bg7 11. g4 Ng8 12. O-O h5 13. Nbd2 hxg4 14. hxg4 Nh6 15. Bh3
b5 16. Nb3 Qb6 17. d4 cxd4 18. cxd4 b4 19. Qd2 Nf5 20. gxf5 Rxh3 21. Kg2 Rxf3
22. Kxf3 Bxe5 23. dxe5 Nxe5+ 24. Kg3 Nc4 25. Qd4 Qd6+ 26. f4 Kd7 27. Rfe1 Kc7
28. Rac1 Ba6 29. Nc5 gxf5 30. Nxa6+ 1-0

[Event "SV Bönen 2 - SD Osterfeld "]
[Site "?"]
[Date "2023.09.03"]
[Round "1.1"]
[White "Heisterkamp, Oliver"]
[Black "Medger, Gernot"]
[Result "1/2-1/2"]
[WhiteElo "1941"]
[BlackElo "1813"]
[Annotator "Medger,Gernot"]
[PlyCount "36"]
[EventDate "2023.??.??"]
[SourceDate "2023.09.13"]
[WhiteTeam "SD Osterfeld 1"]
[BlackTeam "SV Bönen 2"]

1. Nf3 Nf6 2. c4 c5 3. b3 Nc6 4. Bb2 d6 5. e3 Bf5 6. Be2 h6 7. O-O e6 8. d4 Be7
9. d5 exd5 10. cxd5 Nb4 11. Nc3 O-O 12. a3 Na6 13. Nd2 Nc7 14. e4 Bg6 15. f4
Nd7 16. a4 Bf6 17. Bf3 Bd4+ 18. Kh1 f5 $11 1/2-1/2

[Event "SV Bönen 2 - SD Osterfeld "]
[Site "?"]
[Date "2023.09.03"]
[Round "1.2"]
[White "Beulertz, Stefan"]
[Black "Laudage, Bernd"]
[Result "1/2-1/2"]
[WhiteElo "1931"]
[BlackElo "1983"]
[Annotator "Medger,Gernot"]
[PlyCount "67"]
[EventDate "2023.??.??"]
[SourceDate "2023.09.13"]
[WhiteTeam "SV Bönen 2"]
[BlackTeam "SD Osterfeld 1"]

{[%evp 0,67,19,19,63,62,76,73,73,62,73,71,66,53,50,53,47,53,53,49,55,38,36,-30,
14,12,9,4,4,21,23,35,41,30,41,30,69,34,26,38,36,22,24,- 10,-10,-12,-13,-34,14,
12,36,35,23,-1,34,25,52,3,21,25,22,31,36,34,61,38,112,112,127,-9]} 1. e4 c6 2.
Nf3 d6 3. d4 Nf6 4. Bd3 Qc7 5. O-O e5 6. c3 Be7 7. Re1 O-O 8. Nbd2 Nbd7 9. Nf1
Re8 10. Qb3 h6 11. Bc4 Rf8 12. a4 Nb6 13. Bd3 Be6 14. Qc2 Nbd7 15. Ng3 Rfe8 16.
Qe2 Nh7 17. h3 Ndf8 18. dxe5 dxe5 19. Nf5 Ng6 $11 20. g3 Bf8 21. h4 Nf6 22. Nh2
Rad8 23. Bc2 Kh8 24. Qf3 Ng8 25. h5 N6e7 26. g4 f6 27. Be3 Nc8 28. Qg2 b6 29.
Nf3 Nd6 30. b3 Nb7 31. N3h4 Na5 32. Rab1 Qf7 33. Ng6+ Kh7 34. b4 1/2-1/2

[Event "SV Bönen 2 - SD Osterfeld "]
[Site "?"]
[Date "2023.09.03"]
[Round "1.3"]
[White "Hessel, Malte"]
[Black "Volling, Andreas"]
[Result "1-0"]
[WhiteElo "1980"]
[BlackElo "1783"]
[Annotator "Medger,Gernot"]
[PlyCount "71"]
[EventDate "2023.??.??"]
[SourceDate "2023.09.13"]
[WhiteTeam "SD Osterfeld 1"]
[BlackTeam "SV Bönen 2"]

1. d4 d5 2. Nf3 Nf6 3. e3 e6 4. Bd3 c5 5. c3 Nc6 6. Nbd2 Qc7 7. O-O Bd7 8. Re1
Be7 9. dxc5 Bxc5 10. h3 h6 11. e4 dxe4 12. Nxe4 Nxe4 13. Bxe4 Rd8 14. Qe2 a6
15. b3 O-O 16. Bb2 Qf4 17. Rad1 Ba7 18. c4 Qc7 19. Ba3 Rfe8 20. Bd6 Qa5 21. Bb1
Bb8 22. b4 Qh5 23. b5 axb5 24. cxb5 Bxd6 $11 25. Rxd6 Ne7 26. Qd3 Nd5 27. Ne5
Bc8 28. Rxd8 Rxd8 29. Qh7+ Kf8 30. Qh8+ Ke7 31. Qxg7 Nf4 32. Ng4 Qg5 33. Qxh6
Qxh6 34. Nxh6 Rd5 35. a4 Rd4 36. Nf5+ 1-0

[Event "SV Bönen 2 - SD Osterfeld "]
[Site "?"]
[Date "2023.09.03"]
[Round "1.4"]
[White "Romstadt, Dirk"]
[Black "Fiori, Bruno"]
[Result "1/2-1/2"]
[WhiteElo "1707"]
[BlackElo "1821"]
[PlyCount "47"]
[EventDate "2023.??.??"]
[SourceDate "2023.09.13"]
[WhiteTeam "SV Bönen 2"]
[BlackTeam "SD Osterfeld 1"]

1. d4 c6 2. Nf3 d6 3. e3 Qc7 4. Nbd2 Bg4 5. c3 Nd7 6. Bd3 Ngf6 7. Qc2 e5 8.
dxe5 dxe5 9. e4 Be7 10. h3 Bh5 11. g4 Bg6 12. Nb3 Rd8 13. Be3 a5 14. a4 b6 15.
Nh4 Bxe4 16. Bxe4 Nxe4 17. Nf5 Ndc5 18. Nxc5 Nxc5 19. Nxg7+ Kf8 20. Bh6 Kg8 21.
Rd1 Rxd1+ 22. Qxd1 Bf8 23. Ne8 Qe7 24. Bxf8 1/2-1/2

[Event "SV Bönen 2 - SD Osterfeld "]
[Site "?"]
[Date "2023.09.03"]
[Round "1.5"]
[White "Gebauer, Reinhard"]
[Black "Leisen, Peter"]
[Result "1/2-1/2"]
[WhiteElo "1792"]
[BlackElo "1717"]
[Annotator "Medger,Gernot"]
[PlyCount "125"]
[EventDate "2023.??.??"]
[SourceDate "2023.09.13"]
[WhiteTeam "SD Osterfeld 1"]
[BlackTeam "SV Bönen 2"]

1. d4 d6 2. Nf3 Nf6 3. e3 Nbd7 4. Nc3 e5 5. dxe5 dxe5 6. e4 Be7 7. Be2 O-O 8.
O-O c6 9. Be3 Ng4 10. Qd2 Nxe3 11. Qxe3 Qc7 12. a3 Nf6 13. h3 h6 14. Bc4 b6 15.
Rad1 Bb7 16. g4 Bc5 17. Qc1 Rad8 18. g5 hxg5 19. Qxg5 Bd4 20. Qh4 b5 21. Ba2
Bxc3 22. bxc3 c5 23. Bd5 Bxd5 24. exd5 Rxd5 25. Rxd5 Nxd5 26. Ng5 Nf6 27. c4 a6
28. cxb5 axb5 29. a4 b4 30. Qc4 Qd6 31. c3 bxc3 32. Qxc3 Qd4 33. Rc1 Qxa4 34.
Qxc5 Qf4 35. Qe3 $11 Nd5 36. Qxf4 Nxf4 37. Kh2 f6 38. Ne4 Rd8 39. Rc3 Rd4 40.
Re3 Kf7 41. Nc3 Ke6 42. Ne2 Nxe2 43. Rxe2 Kf5 44. Kg3 Rd3+ 45. f3 Ke6 46. Kg2
f5 47. Ra2 e4 48. fxe4 fxe4 49. Ra5 Rd5 50. Ra6+ Ke5 51. Rg6 Rd7 52. Kf2 Kf5
53. Rg1 g5 54. Ke2 Rd3 55. Rf1+ Ke5 56. Rg1 Kf4 57. Rf1+ Kg3 58. Rg1+ Kh4 59.
Rg4+ Kh5 60. Rxe4 Rxh3 61. Kf2 Rb3 62. Rd4 g4 63. Rd8 1/2-1/2

[Event "SV Bönen 2 - SD Osterfeld "]
[Site "?"]
[Date "2023.09.03"]
[Round "1.6"]
[White "Rudlof, Jürgen"]
[Black "Bensch, Arnold Heinrich"]
[Result "1/2-1/2"]
[WhiteElo "1703"]
[BlackElo "1723"]
[Annotator "Medger,Gernot"]
[PlyCount "98"]
[EventDate "2023.??.??"]
[SourceDate "2023.09.13"]
[WhiteTeam "SV Bönen 2"]
[BlackTeam "SD Osterfeld 1"]

{[%evp 0,82,26,25,74,74,74,74,74,84,74,62,56,55,55,54,52,44,109,111,117,114,
113,93,91,87,118,118,142,79,132,68,88,71,74,53,80,38,121,8 0,121,130,136,2,-15,
-60,-60,-91,83,75,48,-3,14,52,86,81,103,83,93,30,28,0,84,-60,33,-47,578,-2,-10,
0,0,-48,-55,-47,-51,-42,-43, -43,-39,-43,-30,-53,0,-27,-30]} 1. e4 d6 2. d4 g6
3. Nc3 Bg7 4. Bc4 Nc6 5. Nge2 Nf6 6. f3 a6 7. a3 b5 8. Ba2 b4 9. axb4 Nxb4 10.
Bb3 O-O 11. O-O Bb7 12. Be3 h6 13. Qe1 Kh7 14. Nf4 g5 15. Nh3 Nc6 16. Rd1 e5
17. dxe5 Nxe5 18. Bxg5 hxg5 19. Nxg5+ Kg8 20. f4 Ng6 21. e5 Nh7 22. Nxh7 Kxh7
23. Rd3 Qe7 24. Rh3+ Bh6 25. Ne4 dxe5 26. f5 Bxe4 27. Qxe4 Qc5+ 28. Kh1 Qd4 29.
fxg6+ fxg6 30. Qe1 Qd2 31. Qd1 Rf2 32. Rf3 Rxg2 33. Rf7+ Kh8 34. Qxd2 Rxd2 35.
Rxc7 Bf4 36. h3 Rh2+ 37. Kg1 Rxh3 38. Kg2 Rg3+ 39. Kf2 Rh3 40. Kg2 Rh7 41. Rc6
g5 42. Rd6 Raa7 43. Rg6 Rh2+ 44. Kf3 Kh7 45. Re6 Kg7 46. Ra1 Rh6 47. Rxh6 Kxh6
48. Bc4 a5 49. Bd3 Kg7 $11 1/2-1/2

[Event "SV Bönen 2 - SD Osterfeld "]
[Site "?"]
[Date "2023.09.03"]
[Round "1.7"]
[White "Kyritsis, Christoph"]
[Black "Poppenberg, Lars"]
[Result "1/2-1/2"]
[WhiteElo "1608"]
[BlackElo "1518"]
[Annotator "Medger,Gernot"]
[PlyCount "110"]
[EventDate "2023.??.??"]
[SourceDate "2023.09.13"]
[WhiteTeam "SD Osterfeld 1"]
[BlackTeam "SV Bönen 2"]

{[%evp 0,110,36,10,25,17,50,49,74,63,69,-5,56,27,76,44,46,31,64,53,45,40,51,8,
26,26,26,1,47,15,23,7,35,5,42,65,85,56,106,0,31,50,18,6, 66,33,207,-139,-42,
-53,-53,-55,-56,-98,-50,-87,-59,-109,-88,-101,-92,-63,-47,-26,22,24,39,56,37,0,
20,3,8,7,14,6,18,16,26,26,29, 41,32,-41,-44,-66,-75,-87,-44,-44,-51,-44,-42,
-51,38,43,43,43,43,43,116,133,152,142,152,105,141,158,196,198,198,285,345]} 1.
Nc3 Nf6 2. Nf3 g6 3. e4 d6 4. h3 Bg7 5. Bc4 c6 6. a3 e5 7. d3 Qc7 8. Be3 Be6 9.
Bxe6 fxe6 10. Qc1 h6 11. Ne2 d5 12. Ng3 Nbd7 13. c3 Ng8 14. Qc2 Ne7 15. b4 Nf6
16. d4 exd4 17. Bxd4 g5 18. O-O-O O-O-O 19. Ne5 Rhg8 20. Nf7 Rdf8 21. Be5 Qd7
22. Nd6+ Kb8 23. Qa4 Nh7 24. Nc4+ Bxe5 25. Nxe5 Qc7 26. Nf3 Nf6 27. Qc2 Qf4+
28. Qd2 Nxe4 29. Nxe4 dxe4 30. Nd4 Qxd2+ 31. Rxd2 e5 32. Ne6 Rf6 33. Nc5 Rf4
34. g3 Rf3 35. Nxe4 Nd5 36. Kc2 Rgf8 37. Rhd1 Kc7 38. Rd3 b6 39. c4 Rxd3 40.
Rxd3 Ne7 41. f3 Nf5 42. Kd2 Nd4 43. c5 Rxf3 44. Rxf3 Nxf3+ 45. Kd3 Ng1 46. Nf2
h5 47. Ke4 Ne2 48. g4 hxg4 49. hxg4 bxc5 50. bxc5 Kd7 51. Kxe5 Nf4 52. Ne4 Ne6
53. Kf6 a6 54. a4 a5 $11 55. Kf7 Nd8+ 1/2-1/2

[Event "SV Bönen 2 - SD Osterfeld "]
[Site "?"]
[Date "2023.09.03"]
[Round "1.8"]
[White "Reinert, Holger"]
[Black "Volkmer, Jonas"]
[Result "1-0"]
[WhiteElo "1492"]
[BlackElo "1262"]
[Annotator "Medger,Gernot"]
[PlyCount "119"]
[EventDate "2023.??.??"]
[SourceDate "2023.09.13"]
[WhiteTeam "SV Bönen 2"]
[BlackTeam "SD Osterfeld 1"]

1. e4 e5 2. Nf3 Nc6 3. Bb5 d6 4. O-O Bd7 5. c3 a6 6. Ba4 Nf6 7. Re1 Be7 8. d4
O-O 9. Nbd2 b5 10. Bc2 Na5 11. dxe5 dxe5 $11 12. Nxe5 Be6 13. b4 Bd6 14. Ndf3
Nb7 15. Nxf7 Bxf7 16. e5 Re8 17. exd6 Qxd6 18. Be3 Rad8 19. Bd4 Qc6 20. Ne5 Qd6
21. Nxf7 Kxf7 22. Bb3+ Kf8 23. Qf3 c6 24. Rad1 Rxe1+ 25. Rxe1 Re8 26. Rxe8+
Kxe8 27. Qe3+ Kd8 28. Bxf6+ Qxf6 29. Qd4+ Qxd4 30. cxd4 Nd6 31. Kf1 Ke7 32. Ke2
h6 $11 33. Kd3 Kf6 34. f3 g5 35. d5 cxd5 36. Bxd5 Ke5 37. Bc6 Nc4 38. g3 Kd6
39. Bb7 a5 40. bxa5 Nxa5 41. Ba6 Kc5 42. Ke4 Nc6 43. Bb7 Nb4 44. a3 Nc2 45. f4
Nxa3 46. f5 Nc4 47. f6 b4 48. Bd5 b3 49. f7 Nd6+ 50. Ke5 Nxf7+ 51. Bxf7 b2 52.
Ba2 Kb4 53. Bb1 Kc3 54. Kf6 Kd2 55. g4 Ke3 56. Kg6 Kf4 57. Kh5 Kf3 58. h3 Kg3
59. Kxh6 Kxh3 60. Kxg5 1-0

[Event "Hansa Dortmund- Brackel 4"]
[Site "?"]
[Date "2023.09.03"]
[Round "1.1"]
[White "Garbuz, Nicole"]
[Black "Karger, Frank"]
[Result "1/2-1/2"]
[WhiteElo "1863"]
[BlackElo "2235"]
[PlyCount "81"]
[SourceDate "2023.09.13"]

1. e4 c5 2. d4 cxd4 3. c3 e6 4. Nf3 Nc6 5. cxd4 d5 6. exd5 exd5 7. Nc3 Bb4 8.
Bb5 Nge7 9. h3 O-O 10. O-O Qa5 11. Qb3 a6 12. Bd3 Bf5 13. Nxd5 Bxd3 14. Nxe7+
Bxe7 15. Qxd3 Rfd8 16. Be3 Rd5 17. Qc3 Qa4 18. b3 Qa3 19. Ne5 Nxe5 20. dxe5 Qa5
21. Qxa5 Rxa5 22. f4 g5 23. Bd4 Rd5 24. Be3 gxf4 25. Bxf4 Bc5+ 26. Kh1 Ba3 27.
Rf3 Bb2 28. Raf1 Rad8 29. Bh6 Bxe5 30. Rxf7 Rd1 31. R7f3 Bg7 32. Bg5 R8d5 33.
Rxd1 Rxd1+ 34. Kh2 Be5+ 35. Bf4 Bxf4+ 36. Rxf4 Kg7 37. Rb4 b5 38. a4 bxa4 39.
Rxa4 Rd3 40. Rxa6 Rxb3 41. Rc6 1/2-1/2

[Event "Hansa Dortmund- Brackel 4"]
[Site "?"]
[Date "2023.09.03"]
[Round "1.2"]
[White "Zelt, Jens"]
[Black "Kinzel, Tiffany"]
[Result "1/2-1/2"]
[WhiteElo "1991"]
[BlackElo "1805"]
[PlyCount "58"]
[SourceDate "2023.09.13"]

1. d4 f5 2. c4 e6 3. a3 d5 4. e3 c6 5. Nf3 Bd6 6. Nc3 Nf6 7. Bd3 Ne4 8. Bd2 Nd7
9. Qe2 a6 10. g3 O-O 11. Kf1 Qe8 12. Kg2 Ndf6 13. Be1 Bd7 14. c5 Bc7 15. Rc1
Qe7 16. b4 Be8 17. Ne5 Bh5 18. Qb2 Nxc3 19. Rxc3 Ne4 20. Rc1 g5 21. f3 Nf6 22.
Rc2 f4 23. exf4 gxf4 24. g4 Qg7 25. h3 Bg6 26. Nxg6 hxg6 27. Re2 Rae8 28. a4
Nd7 29. Bc3 e5 1/2-1/2

[Event "Hansa Dortmund- Brackel 4"]
[Site "?"]
[Date "2023.09.03"]
[Round "1.3"]
[White "Vorobyov, Boris"]
[Black "Krueger, Simon"]
[Result "0-1"]
[WhiteElo "1809"]
[BlackElo "1963"]
[PlyCount "80"]
[SourceDate "2023.09.13"]

1. e4 c6 2. d4 d5 3. exd5 cxd5 4. c4 Nf6 5. Nc3 Nc6 6. Nf3 Bg4 7. cxd5 Nxd5 8.
Qb3 Nb6 9. d5 Bxf3 10. gxf3 Nd4 11. Bb5+ Nxb5 12. Qxb5+ Qd7 13. Be3 Qxb5 14.
Nxb5 Nxd5 15. Rd1 e6 16. Rxd5 exd5 17. Nc7+ Kd7 18. Nxa8 Bb4+ 19. Bd2 Bxd2+ 20.
Kxd2 Rxa8 21. Rg1 g6 22. Kd3 Rc8 23. b3 Rc6 24. h4 Ra6 25. a4 Rb6 26. Kc3 Rf6
27. Rg3 h5 28. Kd3 Rf4 29. Rh3 Kd6 30. Kd2 Kc5 31. Kc3 a5 32. Kc2 b5 33. axb5
Kxb5 34. Kc3 d4+ 35. Kc2 Kb4 36. Kb2 d3 37. Kc1 Kc3 38. Kd1 a4 39. bxa4 Rxa4
40. Rh1 Ra1# 0-1

[Event "Hansa Dortmund- Brackel 4"]
[Site "?"]
[Date "2023.09.03"]
[Round "1.4"]
[White "Linker, Walter"]
[Black "Moerchel, Lou"]
[Result "1-0"]
[WhiteElo "1962"]
[BlackElo "1757"]
[PlyCount "63"]
[SourceDate "2023.09.13"]

1. f4 d5 2. Nf3 Bf5 3. e3 Nf6 4. b3 Nbd7 5. Bb2 c6 6. Be2 e6 7. O-O Bc5 8. Nd4
Qc7 9. c4 h6 10. Nxf5 exf5 11. Qc2 dxc4 12. Bxc4 Nb6 13. Bxf7+ Qxf7 14. Qxc5
Nfd5 15. Qd6 Rg8 16. Na3 Rd8 17. Qe5+ Ne7 18. Bc3 Rd5 19. Qb8+ Nec8 20. Nc4 Qd7
21. Ne5 Qe7 22. a4 Rd8 23. Ng6 Qf7 24. Qe5+ Kd7 25. Nh4 g6 26. Nf3 Qxb3 27.
Rfb1 Qe6 28. a5 Qxe5 29. Nxe5+ Kc7 30. axb6+ axb6 31. Nf7 Rd7 32. Be5+ 1-0

[Event "Hansa Dortmund- Brackel 4"]
[Site "?"]
[Date "2023.09.03"]
[Round "1.5"]
[White "Schmitz, Julian"]
[Black "Velli, Filippo"]
[Result "0-1"]
[WhiteElo "1675"]
[BlackElo "2239"]
[PlyCount "88"]
[SourceDate "2023.09.13"]

1. e4 e5 2. Nf3 Nc6 3. Bb5 Nf6 4. O-O Nxe4 5. d4 Nd6 6. Bxc6 dxc6 7. Nxe5 Be7
8. Re1 O-O 9. Nc3 Re8 10. Ne2 f6 11. Nd3 Nf5 12. c3 Bd6 13. Nef4 Kh8 14. Bd2
Rxe1+ 15. Nxe1 Bd7 16. Nf3 Qg8 17. Qc2 Ne7 18. a3 Bf5 19. Qd1 g5 20. Nh5 Qg6
21. Ng3 Bc2 22. Qe2 Nd5 23. Re1 Rg8 24. Ne4 Re8 25. Bxg5 Bxe4 26. Bc1 Re7 27.
Nh4 Qe8 28. Qg4 Bf5 29. Rxe7 Qxe7 30. Qd1 Bc2 31. Qf1 Nf4 32. Be3 Qe6 33. Kh1
Qg4 34. g3 Bd3 35. Qe1 Be4+ 36. Kg1 Nh3+ 37. Kf1 Bd3+ 38. Kg2 Ng5 39. f3 Qe6
40. Qd2 Qh3+ 41. Kh1 Qf1+ 42. Bg1 Nxf3 43. Qe3 Be4 44. Ng2 Nxg1 0-1

[Event "Hansa Dortmund- Brackel 4"]
[Site "?"]
[Date "2023.09.03"]
[Round "1.6"]
[White "Zhang, Jingfu"]
[Black "Stych, Paul"]
[Result "1-0"]
[WhiteElo "1680"]
[BlackElo "1643"]
[PlyCount "89"]
[SourceDate "2023.09.13"]

1. d4 Nf6 2. c4 g6 3. Nc3 d5 4. Nf3 Bg7 5. Qb3 dxc4 6. Qxc4 O-O 7. Bg5 b6 8. g3
Nbd7 9. Bg2 Bb7 10. O-O c5 11. d5 Ne8 12. Qh4 Bf6 13. Bxf6 exf6 14. e4 Nd6 15.
Qf4 Qe7 16. Rfe1 Ne5 17. Nxe5 fxe5 18. Qh6 f5 19. Rad1 f4 20. f3 Nf7 21. Qh3
Bc8 22. Qh4 g5 23. Qh5 Rd8 24. gxf4 Rd6 25. f5 Rh6 26. Qg4 Rh4 27. Qg3 h5 28.
Nb5 Bd7 29. d6 Qf6 30. Nc7 Rd8 31. Nd5 Qxd6 32. Bf1 Bc6 33. Ne3 Qf6 34. Rxd8+
Qxd8 35. Rd1 Qf6 36. Bc4 g4 37. Nd5 Bxd5 38. Bxd5 Rh3 39. Bxf7+ Kxf7 40. Qg2
Rxf3 41. Qd2 Kg7 42. Qd7+ Qf7 43. Qc6 Qf8 44. Rd7+ Kh8 45. Qc7 1-0

[Event "Hansa Dortmund- Brackel 4"]
[Site "?"]
[Date "2023.09.03"]
[Round "1.7"]
[White "Kommessin, Felix"]
[Black "Vojdani, Bahram"]
[Result "1/2-1/2"]
[WhiteElo "1688"]
[BlackElo "1663"]
[PlyCount "64"]
[SourceDate "2023.09.13"]

1. e4 e6 2. d4 d5 3. Nd2 dxe4 4. Nxe4 Bd7 5. Nf3 Bc6 6. Bd3 Nd7 7. O-O Ngf6 8.
Nxf6+ Nxf6 9. c3 Bxf3 10. Qxf3 c6 11. Be3 Qc7 12. c4 Bd6 13. h3 Qa5 14. a3 Qh5
15. Be2 Qxf3 16. Bxf3 O-O 17. Rad1 Rfd8 18. Rfe1 h6 19. g3 Bc7 20. Kg2 Rd7 21.
Rd2 a5 22. Rb1 Bb6 23. Rbd1 Rad8 24. b3 Kf8 25. Kf1 Bc7 26. Ke2 Bd6 27. Ra1 Bc7
28. Rad1 Bb6 29. Bg2 Bc7 30. Bf3 Bb6 31. Bg2 Bc7 32. Bf3 Bb6 1/2-1/2

[Event "Hansa Dortmund- Brackel 4"]
[Site "?"]
[Date "2023.09.03"]
[Round "1.8"]
[White "Schrimpl, Michael"]
[Black "Buscha, Lothar"]
[Result "0-1"]
[WhiteElo "1383"]
[BlackElo "1632"]
[PlyCount "70"]
[SourceDate "2023.09.13"]

1. c4 c5 2. Nc3 e6 3. Nf3 Nc6 4. g3 Nf6 5. d4 d5 6. cxd5 Nxd5 7. Nxd5 Qxd5 8.
Bg2 Nxd4 9. O-O Nxf3+ 10. Bxf3 Qxd1 11. Rxd1 f6 12. Be3 Rb8 13. Bf4 e5 14. Be3
Be6 15. Rac1 b6 16. Bc6+ Kf7 17. b3 Be7 18. Kg2 Rhd8 19. h4 Rxd1 20. Rxd1 Rd8
21. Rxd8 Bxd8 22. Be4 f5 23. Bc2 c4 24. b4 g6 25. b5 c3 26. a4 Bc4 27. Kf1 Ke6
28. f4 Bc7 29. fxe5 Bxe5 30. Kf2 Kd5 31. Kf3 Bd4 32. Bf4 Kc5 33. Bb8 Kb4 34.
Bxa7 Bb3 35. Bd3 c2 0-1

[Event "Unser Fritz- Recklinghausen"]
[Site "?"]
[Date "2023.09.03"]
[Round "1.1"]
[White "Blayvas, Jan"]
[Black "Rutz, Dirk"]
[Result "0-1"]
[WhiteElo "2107"]
[BlackElo "1992"]
[PlyCount "76"]
[SourceDate "2023.09.13"]

1. d4 Nf6 2. Nf3 g6 3. c4 Bg7 4. Nc3 O-O 5. e4 d6 6. Be2 c6 7. Be3 a6 8. d5 b5
9. Nd2 cxd5 10. cxd5 e6 11. dxe6 Bxe6 12. Bf3 Nc6 13. e5 Nxe5 14. Bxa8 Nd3+ 15.
Ke2 Nxb2 16. Qc2 Qxa8 17. Rag1 Nd5 18. Nxd5 Qxd5 19. f3 Bf5 20. Qb3 Bd3+ 21.
Kf2 Bc4 22. Nxc4 bxc4 23. Qc2 Re8 24. Bc1 Nd3+ 25. Kg3 Bd4 26. Rd1 Be3 27. Bxe3
Rxe3 28. h4 Qe5+ 29. Kh3 Nf4+ 30. Kg3 Re2 31. Qxe2 Nxe2+ 32. Kf2 Nc3 33. Rd2
Qf4 34. Rc2 d5 35. Re1 Qxh4+ 36. Kf1 Nb5 37. Re5 c3 38. Re8+ Kg7 0-1